000 00703nam a2200229 i 4500
001 186212
003 SpMaBN
005 20251120063152.0
008 160919s2008 sp d |||| | spa d
020 _a978-84-934014-2-9
080 _a111.1
100 1 _aMéndez, José María,
_d1929-
_9160919
245 1 0 _aCuestiones ontológicas /
_cJosé María Méndez.
250 _a2ª ed. ampl.
260 _a[Buitrago de Lozoya, Madrid :
_bEstudios de Axiología],
_c2013.
300 _a263 p. :
_bgráf. ;
_c24 cm.
500 _aÍndice.
650 _aOntología.
_915705
852 _aES-MaACL
_jA-13791
_9 193267
_bR.150918
_cDEPO1
_dOlim: N-6791
942 _2udc
999 _c186212
_d186212